Statistics for Top 15 Celebrities Born In 1981

Click here to take the quiz!

General Stats

  • This quiz has been taken 156 times
    (122 since last reset)
  • The average score is 9 of 15

Answer Stats

Answer% Correct
Britney Spears
84%
Justin Timberlake
84%
Beyonce
83%
Meghan Markle
82%
Serena Williams
82%
Natalie Portman
78%
Paris Hilton
75%
Chris Evans
68%
Pitbull
67%
Alicia Keys
60%
Jessica Alba
55%
Amy Schumer
47%
Casey Neistat
13%
Coyote Peterson
6%
Rachel Platten
3%

Score Distribution

Percentile by Number Answered

Percent of People with Each Score

Your Score History

You have not taken this quiz since the last reset